|
|
|
|
| LEADER |
01223nam a2200313 a 4500 |
| 001 |
17624 |
| 003 |
BD-DhAAL |
| 005 |
20140508122049.0 |
| 008 |
140508s1994 nyu b 001 0 eng d |
| 010 |
|
|
|a 94002158
|
| 020 |
|
|
|a 0465033024 (cloth)
|
| 020 |
|
|
|a 0465023541 (paper)
|
| 040 |
|
|
|a DLC
|c DLC
|d DLC
|d BD-DhAAL
|
| 041 |
|
|
|a eng
|
| 050 |
0 |
0 |
|a LC197
|b .M35 1994
|
| 082 |
0 |
0 |
|a 376/.65
|2 20
|
| 100 |
1 |
|
|a Maher, Frances A.
|9 4458
|
| 245 |
1 |
4 |
|a The feminist classroom /
|c Frances A. Maher, Mary Kay Thompson Tetreault.
|
| 260 |
|
|
|a New York, NY :
|b BasicBooks,
|c 1994.
|
| 300 |
|
|
|a xiii, 303 p. ;
|c 24 cm.
|
| 504 |
|
|
|a Includes bibliographical references (p. 281-291) and index.
|
| 541 |
|
|
|e 17624
|
| 650 |
|
0 |
|a Feminism and education
|z United States.
|9 4459
|
| 650 |
|
0 |
|a Women
|x Education
|z United States.
|9 4460
|
| 650 |
|
0 |
|a Sex discrimination in higher education
|z United States.
|9 4461
|
| 700 |
1 |
|
|a Tetreault, Mary Kay Thompson.
|9 4462
|
| 942 |
|
|
|2 ddc
|c BK
|
| 999 |
|
|
|c 14333
|d 14333
|
| 952 |
|
|
|0 0
|1 0
|2 ddc
|4 0
|6 376_650000000000000_MAH
|7 0
|9 24303
|a BRACUL
|b BRACUL
|c GEN
|d 2014-05-08
|l 1
|m 2
|o 376.65 MAH
|p 3010017624
|q 2026-07-06
|r 2025-07-13
|s 2025-07-13
|t 1
|w 2014-05-08
|y BK
|x Transferred from ENH to Ayesha Abed library on 20/12/2023
|